000 00817nam a2200241Ia 4500
005 20241004100039.0
008 210716s2011 xx 000 0 und d
020 _a9789380853321
040 _cAIMIT LIBRARY
041 _aeng
082 _a005.74
_22
_bRICC
100 _aRicardo, Catherine.
_947688
245 _aDatabases illuminated /
_cBy Catherine Ricardo.
250 _a2nd ed.
260 _aNew Delhi :
_bJones and Bartlett Publishers ,
_c2011 .
300 _axxiii, 661p. ;
_bPB
_c23 cm.
650 _aProject management software
_947689
650 _aInsertion update and deletion anomalies
_947690
650 _aEntity relationship model
_9181269
650 _aRelational database management system and sql
_9181270
650 _aTransaction management
_9181271
942 _2ddc
_cBK
_e2nd
_k005.74 RICC
999 _c194322
_d194322